| 000 -LEADER |
| fixed length control field |
00740nam a22002177a 4500 |
| 001 - CONTROL NUMBER |
| control field |
8748 |
| 003 - CONTROL NUMBER IDENTIFIER |
| control field |
BD-DhUAP |
| 005 - DATE AND TIME OF LATEST TRANSACTION |
| control field |
20201230121550.0 |
| 008 - FIXED-LENGTH DATA ELEMENTS--GENERAL INFORMATION |
| fixed length control field |
201230s 2004bg b 001 0 eng |
| 020 ## - INTERNATIONAL STANDARD BOOK NUMBER |
| International Standard Book Number |
9848509003 |
| 040 ## - CATALOGING SOURCE |
| Original cataloging agency |
DLC |
| Transcribing agency |
DLC |
| Modifying agency |
BD-DhUAP |
| Language of cataloging |
Eng |
| 082 ## - DEWEY DECIMAL CLASSIFICATION NUMBER |
| Edition number |
23 |
| Classification number |
954.92031 AHM |
| 100 1# - MAIN ENTRY--PERSONAL NAME |
| Personal name |
Ahmed, A. F. Salahuddin. |
| 9 (RLIN) |
12686 |
| 245 10 - TITLE STATEMENT |
| Title |
Bangladesh, national culture, and heritage : |
| Remainder of title |
an introductory reader / |
| Statement of responsibility, etc. |
A. F. Salahuddin Ahmed and Bazlul Mobin Chowdhury. |
| 260 ## - PUBLICATION, DISTRIBUTION, ETC. |
| Place of publication, distribution, etc. |
Dhaka : |
| Name of publisher, distributor, etc. |
Independent University, |
| Date of publication, distribution, etc. |
c2004. |
| 300 ## - PHYSICAL DESCRIPTION |
| Extent |
466 pages ; |
| Dimensions |
22 cm. |
| 504 ## - BIBLIOGRAPHY, ETC. NOTE |
| Bibliography, etc. note |
Includes bibliographical references and index. |
| 651 ## - SUBJECT ADDED ENTRY--GEOGRAPHIC NAME |
| Geographic name |
Bangladesh |
| General subdivision |
Civilization |
| Chronological subdivision |
19th century. |
| 700 ## - ADDED ENTRY--PERSONAL NAME |
| Personal name |
Chowdhury, Bazlul Mobin. |
| 942 ## - ADDED ENTRY ELEMENTS (KOHA) |
| Source of classification or shelving scheme |
|
| Koha item type |
Book |